Physicochemical Principles of Pharmacy: in manufacture, formulation and clinical use (Record no. 6250)

MARC details
000 -LEADER
fixed length control field 00645nam a22002177a 4500
003 - CONTROL NUMBER IDENTIFIER
control field OSt
005 - DATE AND TIME OF LATEST TRANSACTION
control field 20190821160901.0
008 - FIXED-LENGTH DATA ELEMENTS--GENERAL INFORMATION
fixed length control field 190821b ||||| |||| 00| 0 eng d
020 ## - INTERNATIONAL STANDARD BOOK NUMBER
International Standard Book Number 9780857111746
040 ## - CATALOGING SOURCE
Transcribing agency DNLM
082 ## - DEWEY DECIMAL CLASSIFICATION NUMBER
Classification number QV785 F65p 2016
100 ## - MAIN ENTRY--PERSONAL NAME
Personal name Florence, Alexander T. ; Attwood, David.
9 (RLIN) 5861
245 ## - TITLE STATEMENT
Title Physicochemical Principles of Pharmacy: in manufacture, formulation and clinical use
250 ## - EDITION STATEMENT
Edition statement 6th ed.
260 ## - PUBLICATION, DISTRIBUTION, ETC. (IMPRINT)
Place of publication, distribution, etc. UK;
Name of publisher, distributor, etc. Pharmaceutical press,
Date of publication, distribution, etc. 2016
300 ## - PHYSICAL DESCRIPTION
Extent xi,647p;
Other physical details col.ill:
Dimensions 24.5cm
504 ## - BIBLIOGRAPHY, ETC. NOTE
Bibliography, etc Index included
650 ## - SUBJECT ADDED ENTRY--TOPICAL TERM
Topical term or geographic name as entry element Physicochemical
9 (RLIN) 12674
650 ## - SUBJECT ADDED ENTRY--TOPICAL TERM
Topical term or geographic name as entry element Pharmacy
9 (RLIN) 12858
942 ## - ADDED ENTRY ELEMENTS (KOHA)
Source of classification or shelving scheme Dewey Decimal Classification
Koha item type Book Bank
Holdings
Withdrawn status Lost status Source of classification or shelving scheme Damaged status Not for loan Home library Current library Date acquired Source of acquisition Inventory number Total Checkouts Full call number Barcode Date last seen Koha item type Total Renewals Date last checked out
    Other/Generic Classification Scheme     MUST Main Library MUST Main Library 21/08/2019 Purchase 19/40917   QV785 F65p 2016 2019-0211 21/08/2019 Short Loan    
    Other/Generic Classification Scheme     MUST Main Library MUST Main Library 21/08/2019 Purchase 19/40918   QV785 F65p 2016 2019-0212 21/08/2019 Short Loan    
    Other/Generic Classification Scheme     MUST Main Library MUST Main Library 21/08/2019 Purchase 19/40919   QV785 F65p 2016 2019-0213 21/08/2019 Open Shelf    
    Other/Generic Classification Scheme     MUST Main Library MUST Main Library 21/08/2019 Purchase 19/40920 4 QV785 F65p 2016 2019-0214 16/08/2024 Open Shelf 1 16/08/2024